[Event "Masters"]
[Site "Singapore SIN"]
[Date "2006.12.30"]
[Round "9"]
[White "Ni Hua"]
[Black "Zhao Jun"]
[Result "1/2-1/2"]
[WhiteElo "2621"]
[BlackElo "2539"]

1.e4 c5 2.Nf3 d6 3.d4 cxd4 4.Qxd4 a6 5.c4 Nc6 6.Qe3 g6 7.Be2 Bg7 8.h3 Nf6
9.O-O O-O 10.Nc3 Rb8 11.Rd1 Nd7 12.Rb1 b6 13.b3 Bb7 14.Bb2 Ba8 15.Rd2 Re8
16.Rbd1 Qc8 17.Nh4 Nd8 18.Bg4 h5 19.Bxd7 Qxd7 20.Nd5 Bxb2 21.Rxb2 b5 22.c5 Bxd5
23.Rxd5 Qe6 24.Nf3 dxc5 25.Rxc5 Nb7 26.Nd4 Qb6 27.Rc6 Qa7 28.Nf5 Qxe3 29.Nxe3 Ra8
30.Nd5 Nd8 31.Rb6 Ne6 32.Rc2 Kf8 33.h4 Rac8 34.Rcc6 Nd4 35.Rxc8 Rxc8 36.Rxa6 Rc1+
37.Kh2 Rc2 38.f4 e6 39.Nf6 Ne2 40.f5 exf5 41.exf5 Nf4 42.Kg3 Ne2+ 43.Kh3 Nf4+
44.Kg3 Ne2+ 45.Kh3 Nf4+ 46.Kg3 Ne2+ 47.Kh3 Nf4+  1/2-1/2

[Event "Aeroflot Open"]
[Site "Moscow RUS"]
[Date "2007.02.17"]
[Round "4"]
[White "Ganguly,S"]
[Black "Ni Hua"]
[Result "1/2-1/2"]
[WhiteElo "2571"]
[BlackElo "2632"]

1.e4 e6 2.d4 d5 3.Nc3 Nf6 4.e5 Nfd7 5.f4 c5 6.Nf3 Nc6 7.Be3 Be7 8.Qd2 O-O
9.dxc5 Bxc5 10.O-O-O Qa5 11.Bxc5 Nxc5 12.Kb1  1/2-1/2

[Event "Aeroflot Open"]
[Site "Moscow RUS"]
[Date "2007.02.19"]
[Round "6"]
[White "Sadvakasov,D"]
[Black "Ni Hua"]
[Result "1/2-1/2"]
[WhiteElo "2615"]
[BlackElo "2632"]

1.e4 e6 2.d4 d5 3.Nc3 Nf6 4.e5 Nfd7 5.f4 c5 6.Nf3 Nc6 7.Be3 Be7 8.Qd2 O-O
9.Be2 a6 10.O-O b5 11.a3 Qb6 12.Kh1 Bb7 13.Bg1 cxd4 14.Nxd4 Nxd4 15.Bxd4 Bc5
16.Bxc5 Nxc5 17.Rad1 Ne4 18.Nxe4 dxe4 19.Qd4 Qc7 20.c3 Rfd8 21.Qe3 h6 22.Kg1 Rxd1
23.Rxd1 Rd8 24.Kf2 Rxd1 25.Bxd1 Qc4 26.b3 Qd5 27.Ke1 a5 28.Bc2 a4 29.bxa4 bxa4
30.Qa7 Qa2 31.Qxa4 Qa1+ 32.Kd2 Qf1 33.Qe8+ Kh7 34.Qxf7 Qxg2+ 35.Kc1 Qg1+
36.Kb2 Qb6+ 37.Ka1 Qg1+ 38.Kb2 Qb6+ 39.Ka1 Qg1+ 40.Kb2 Qb6+  1/2-1/2

[Event "Aeroflot Open"]
[Site "Moscow RUS"]
[Date "2007.02.21"]
[Round "8"]
[White "Novikov,St"]
[Black "Ni Hua"]
[Result "1/2-1/2"]
[WhiteElo "2535"]
[BlackElo "2632"]

1.e4 e6 2.Qe2 e5 3.c3 Nc6 4.g3 Bc5 5.Bg2 Nf6 6.Nf3 d6 7.O-O O-O 8.d3 Re8
9.b4 Bb6 10.Nbd2 a6 11.Nc4 Ba7 12.a4 Ne7 13.Be3 Bxe3 14.Nxe3 c6 15.a5 Ng6
16.Nd2 d5 17.Nb3 Be6 18.Nc5 Qc7 19.Rac1 Rad8 20.exd5 Bxd5 21.Nxd5 Nxd5 22.Qb2 Nf6
23.c4 Qe7 24.Rce1 h5 25.d4 Qc7 26.d5 cxd5 27.cxd5 Rf8 28.b5 Rd6 29.bxa6 bxa6  1/2-1/2

[Event "Aeroflot Open"]
[Site "Moscow RUS"]
[Date "2007.02.22"]
[Round "9"]
[White "Ni Hua"]
[Black "Minasian,Art"]
[Result "1-0"]
[WhiteElo "2632"]
[BlackElo "2595"]

1.e4 c6 2.d4 d5 3.e5 Bf5 4.Nf3 e6 5.Be2 Nd7 6.O-O Bg6 7.c3 a6 8.Nbd2 Nh6
9.Nb3 Nf5 10.g3 c5 11.Bg5 Be7 12.h4 c4 13.Nbd2 h6 14.Bxe7 Nxe7 15.Ne1 b5
16.a3 Nb6 17.Ng2 Qd7 18.Ne3 a5 19.h5 Bh7 20.Nf3 O-O 21.Qd2 Kh8 22.Nh4 b4
23.f4 bxc3 24.bxc3 Rab8 25.Bd1 Na4 26.g4 Nb2 27.f5 Nxd1 28.Raxd1 f6 29.Qf2 Rb3
30.g5 Nxf5 31.g6 Nxh4 32.Qxh4 Rxc3 33.exf6 gxf6 34.Rxf6 Rxf6 35.Qxf6+ Qg7
36.Qf4 Bg8 37.Ng4 Rxa3 38.Nxh6 Rh3 39.Qg5 Rd3 40.Rxd3 cxd3 41.Kg2 Qf8 42.Ng4 Bh7
43.Ne5  1-0

[Event "23rd Open"]
[Site "Cappelle la Grande FRA"]
[Date "2007.03.04"]
[Round "2"]
[White "Ni Hua"]
[Black "Naumkin,I"]
[Result "1/2-1/2"]
[WhiteElo "2632"]
[BlackElo "2503"]

1.e4 e5 2.Nf3 Nc6 3.d4 exd4 4.Nxd4 Bc5 5.Nxc6 Qf6 6.Qf3 Qxf3 7.gxf3 bxc6
8.Be3 Bxe3 9.fxe3 Rb8 10.b3 Ne7 11.Nc3 d6 12.Rg1 O-O 13.f4 f5 14.Bc4+ Kh8
15.e5 dxe5 16.O-O-O Ng6 17.Rd3 c5 18.Rf1 Bb7 19.Na4 Be4 20.Rd2 exf4 21.exf4 Rbd8
22.Nxc5 Rxd2 23.Kxd2 Rd8+ 24.Kc3 Bd5 25.Bxd5 Rxd5 26.b4 h6 27.Ne6 Rd6 28.Nd4 Rf6
29.Kc4 Kh7 30.b5 a6 31.a4 Ne7 32.a5 axb5+ 33.Kxb5 Rd6 34.Kc4 Ra6 35.Re1 Nc8
36.Kb5 Rd6 37.Kc5 Ra6 38.Nc6 Na7 39.Nxa7 Rxa7 40.Ra1 g5 41.Kd4 Ra6 42.Ke3 Kg6
43.Kf3 Kf6 44.Kg3 Kg6 45.h4 g4 46.c4 c5 47.Ra3 Kh5 48.Ra2 Kg6 49.Kf2 Kh5
50.Kg3 Kg6 51.Kf2 Ra8  1/2-1/2

[Event "23rd Open"]
[Site "Cappelle la Grande FRA"]
[Date "2007.03.06"]
[Round "5"]
[White "Vovk,Y"]
[Black "Ni Hua"]
[Result "1/2-1/2"]
[WhiteElo "2497"]
[BlackElo "2632"]

1.d4 d5 2.c4 c6 3.Nf3 Nf6 4.Nc3 dxc4 5.a4 Bf5 6.Ne5 Nbd7 7.Nxc4 Nb6 8.Ne5 a5
9.f3 Nfd7 10.Nxd7 Nxd7 11.e4 Bg6 12.f4 e6 13.Bc4 Nb6 14.Bb3 Qh4+ 15.g3 Qh3
16.Kf2 Bb4 17.Qf3 h5 18.Be3 Nd7 19.Bc2 Nf6 20.f5 Bh7 21.Bg5 Be7 22.Bxf6 Bxf6
23.Rad1 O-O-O 24.Ne2 exf5 25.e5 Be7 26.Nf4 Qg4 27.Qc3 h4 28.Qxa5 g5 29.d5 gxf4
30.Qa8+ Kd7 31.Qxb7+ Ke8 32.Qxc6+ Kf8 33.Qh6+ Kg8 34.Qxf4 Bc5+ 35.Ke1 Qxf4
36.gxf4 h3 37.d6 Bg6 38.Rd3 Rh4 39.Rf1 Rg4 40.Rxh3 Rg2 41.Kd1 Bb4 42.Bd3 Rxb2
43.Bc2 Ra2 44.Rf2 Ra1+ 45.Ke2 Rc8 46.Kf3 Ra2 47.Bd3 Rxa4 48.Kg2 Ba5 49.Rg3 Be1
50.e6 fxe6 51.Rxg6+ Kf7 52.Re2 Kxg6 53.Rxe6+ Kf7 54.Rxe1 Rxf4 55.Kg3 Rg4+
56.Kf3 Rc3 57.Re3 Kf6 58.d7 Rd4 59.Bxf5 Rxe3+ 60.Kxe3 Rd1 61.Be4  1/2-1/2

[Event "4th GM March"]
[Site "Taiyuan CHN"]
[Date "2007.07.08"]
[Round "4"]
[White "Ni Hua"]
[Black "Cheparinov,I"]
[Result "1/2-1/2"]
[WhiteElo "2681"]
[BlackElo "2657"]

1.e4 c5 2.Nf3 e6 3.d4 cxd4 4.Nxd4 Nf6 5.Nc3 d6 6.Be2 Be7 7.f4 a6 8.O-O Qc7
9.a4 Nc6 10.Be3 O-O 11.Kh1 Re8 12.Bg1 Rb8 13.Qd3 e5 14.fxe5 dxe5 15.Nf5 Bxf5
16.Rxf5 Nb4 17.Qg3 Rbd8 18.Raf1 Kh8 19.Rxe5 Bd6 20.Rxe8+ Rxe8 21.Qh4 Be5
22.Bd3 Bxc3 23.bxc3 Nxd3 24.cxd3 Qxc3 25.Rf3 b5 26.axb5 axb5 27.d4 Qc7 28.Rxf6 gxf6
29.Qxf6+ Kg8 30.Qg5+ Kf8 31.Qh6+ Kg8 32.Qg5+ Kf8 33.Qh6+  1/2-1/2

[Event "4th GM March"]
[Site "Taiyuan CHN"]
[Date "2007.07.11"]
[Round "6"]
[White "Ni Hua"]
[Black "Zvjaginsev,V"]
[Result "0-1"]
[WhiteElo "2681"]
[BlackElo "2658"]

1.e4 e5 2.Nf3 Nc6 3.d4 exd4 4.Nxd4 Bc5 5.Be3 Qf6 6.c3 Nge7 7.g3 h5 8.h3 d5
9.Bg2 dxe4 10.Nd2 Bxd4 11.cxd4 Bf5 12.Nxe4 Bxe4 13.Bxe4 O-O-O 14.O-O Nd5
15.Bg2 Nce7 16.Rc1 c6 17.b4 a6 18.a4 Nxb4 19.h4 Nbd5 20.Bg5 Qd6 21.Bxd5 f6
22.Bxc6 Nxc6 23.Bf4 Qd5 24.Rxc6+ bxc6 25.Qb1 Rhe8 26.Qb8+ Kd7 27.Qb7+ Ke6
28.Qxg7 Qe4 29.Rc1 Rxd4 30.Kh2 Rd7 31.Qh6 Rh7 32.Rxc6+ Qxc6 33.Qxh7 Qf3 34.Qc2 Rd8
35.Qc4+ Ke7 36.Qc5+ Kf7 37.Bd6 Rd7 38.a5 Ke6 39.Bf8 Rd1 40.Qe7+ Kf5 41.Qh7+ Ke5
42.Qc7+ Kd4 43.Qd6+ Kc4 44.Qb4+ Kd3 45.Qb3+ Ke2 46.Qc4+ Rd3 47.Qe6+ Kf1 48.Qh3+ Kxf2
49.Bc5+ Ke1 50.Bb4+ Kd1  0-1

[Event "4th GM March"]
[Site "Taiyuan CHN"]
[Date "2007.07.12"]
[Round "7"]
[White "Ni Hua"]
[Black "Asrian,K"]
[Result "1/2-1/2"]
[WhiteElo "2681"]
[BlackElo "2608"]

1.e4 c6 2.d4 d5 3.exd5 cxd5 4.Bd3 Nc6 5.c3 Qc7 6.Ne2 Bg4 7.f3 Bd7 8.Na3 e5
9.Nb5 Qb6 10.dxe5 Nxe5 11.Nbd4 Nxd3+ 12.Qxd3 Bc5 13.Be3 Ne7 14.b4 Bxd4 15.Bxd4 Qb5
16.Qxb5 Bxb5 17.Nf4 O-O 18.Bc5 Rfe8 19.O-O-O Bc4 20.Rd2 Ng6 21.Nxd5 Bxd5
22.Rxd5 b6 23.Bf2 Rac8 24.Re1 Rxc3+ 25.Kb2 Rcc8 26.Rxe8+ Rxe8 27.Kc3 f6 28.a4 Ne5
29.Bg3 Rc8+ 30.Kb3 Nc6 31.Bf2 Rc7 32.Rd2 Kf7 33.Rc2 Rc8 34.a5 bxa5 35.b5 Ne7
36.Bxa7 Rxc2 37.Kxc2 Nc8 38.Bb8 Ke6 39.Kb3 Nb6 40.Ba7 Nc8 41.Bf2 Nd6 42.Ka4 Nb7
43.Bb6 Kd5 44.Bxa5 Nc5+ 45.Kb4 Nd3+ 46.Ka3 Kc5 47.b6 Kc6 48.Kb3 Nf4 49.g3 Nd3
50.f4 Nf2 51.Kc4 Ng4 52.h3 Nf2 53.h4 Ne4 54.g4 Nd6+ 55.Kd4 Nb5+ 56.Kd3 Nd6
57.Bb4 Nc8 58.Ke4 Nxb6 59.Kf5 Nd5 60.Bf8 g6+ 61.Ke6 Nxf4+ 62.Kxf6 Kd5 63.Be7 h5
64.gxh5  1/2-1/2

[Event "4th GM March"]
[Site "Taiyuan CHN"]
[Date "2007.07.14"]
[Round "8"]
[White "Balogh,C"]
[Black "Ni Hua"]
[Result "1/2-1/2"]
[WhiteElo "2567"]
[BlackElo "2681"]

1.e4 e5 2.Nf3 Nc6 3.Bb5 Nf6 4.O-O Nxe4 5.Re1 Nd6 6.Nxe5 Be7 7.Bf1 Nxe5 8.Rxe5 O-O
9.d4 Bf6 10.Re1 Nf5 11.c3 d5 12.Bd3 Nh4 13.Bf4 Bf5 14.Bxf5 Nxf5 15.Qd3 Ne7
16.Nd2 Ng6 17.Bg3 Qd7 18.Re2 Rfe8 19.Rae1 c6 20.Nf3 Rxe2 21.Qxe2 Kf8 22.Kf1 Re8
23.Qxe8+ Qxe8 24.Rxe8+ Kxe8 25.Ke2 Kd7 26.Ne1 h5 27.Nd3 b6 28.Bb8 Bd8 29.Ne5+ Nxe5
30.Bxe5 f6 31.Bb8 a6 32.h3 f5 33.f4 c5 34.Be5 g6 35.g3 h4 36.gxh4 Bxh4 37.dxc5 bxc5
38.b3 Kc6 39.a4 a5 40.Kf3 Bd8 41.Ke3 Bb6 42.Kd3 Ba7 43.Bf6 Bb8 44.Ke3 Kd7
45.Bg5 Bc7 46.Bh6 Ke7 47.Kd3 Kf7 48.Bg5 Ke6 49.Bh6 Bd6 50.Bg5 Kd7 51.Ke3 Bc7  1/2-1/2

[Event "UK-CHN Match"]
[Site "Liverpool ENG"]
[Date "2007.09.05"]
[Round "2"]
[White "Ni Hua"]
[Black "Rowson,J"]
[Result "1-0"]
[WhiteElo "2681"]
[BlackElo "2599"]

1.e4 e5 2.Nf3 Nc6 3.d4 exd4 4.Nxd4 Bc5 5.Nxc6 Qf6 6.Qf3 bxc6 7.Nd2 Qxf3 8.Nxf3 Nf6
9.Bd3 d5 10.e5 Nd7 11.O-O O-O 12.Re1 Re8 13.Bd2 Bb6 14.Bf1 Nc5 15.c4 Bg4
16.Nd4 Ne4 17.Be3 Bd7 18.Nb3 a5 19.c5 a4 20.cxb6 axb3 21.b7 Rab8 22.f3 d4
23.Bxd4 Nd2 24.Ba6 bxa2 25.Ba7 Be6 26.Bxb8 Rxb8 27.Red1 Nb1 28.Rc1  1-0

[Event "UK-CHN Match"]
[Site "Liverpool ENG"]
[Date "2007.09.07"]
[Round "4"]
[White "Ni Hua"]
[Black "Howell,D"]
[Result "1/2-1/2"]
[WhiteElo "2681"]
[BlackElo "2519"]

1.Nf3 Nf6 2.c4 g6 3.Nc3 d5 4.cxd5 Nxd5 5.Qa4+ Bd7 6.Qh4 Nxc3 7.dxc3 Nc6 8.Bf4 f6
9.Bh6 e5 10.Bxf8 Kxf8 11.Qh6+ Kf7 12.e4 Be6 13.Bb5 Na5 14.Nd2 a6 15.Be2 Nc6
16.O-O Qf8 17.Qe3 Kg7 18.h4 Rd8 19.h5 g5 20.Nb3 Qe7 21.Nc5 Bc8 22.b4 Rd6
23.Rfd1 Rhd8 24.Rxd6 Rxd6 25.Nb3 Be6 26.Nd2 Qd7 27.Nf1 Ne7 28.Qf3 Ng8 29.Qe3 Nh6
30.a4 Qe8 31.b5 Qb8 32.c4 a5 33.Qc3 b6 34.c5 Rd4 35.Ng3 Ng8 36.Rc1 Ne7 37.h6+ Kxh6
38.Nh5 Ng8 39.f4 Qd8 40.f5 Bf7 41.Qh3 Bxh5 42.Qxh5+ Kg7 43.cxb6 cxb6 44.Bc4 Qc7
45.Qxh7+ Kxh7 46.Bxg8+ Kxg8 47.Rxc7 Rxe4 48.Rc6 Kf7 49.Rc7+ Ke8 50.Rc6 Ke7
51.Rc7+ Kd6 52.Rc6+ Ke7 53.Rc7+ Kd6 54.Rc6+ Kd5 55.Rxf6 Rxa4 56.Rxb6 Rf4
57.Ra6 Rxf5 58.Rxa5 Kc5 59.g4 Rf4 60.b6+ Kxb6  1/2-1/2

[Event "UK-CHN Match"]
[Site "Liverpool ENG"]
[Date "2007.09.08"]
[Round "5"]
[White "Ni Hua"]
[Black "Pert,N"]
[Result "1-0"]
[WhiteElo "2681"]
[BlackElo "2536"]

1.e4 e6 2.d4 d5 3.Nd2 c5 4.Ngf3 Nf6 5.exd5 exd5 6.Bb5+ Bd7 7.Bxd7+ Nbxd7
8.O-O Be7 9.dxc5 Nxc5 10.Re1 O-O 11.Nf1 Re8 12.Be3 Nfe4 13.Nd4 Bg5 14.Nf5 Qf6
15.Bxc5 Qxf5 16.Bd4 b6 17.a4 Bf6 18.a5 Bxd4 19.Qxd4 Qf6 20.Red1 Rac8 21.c3 Qxd4
22.Rxd4 Nc5 23.Rxd5 Nb3 24.Rad1 Nxa5 25.Rd7 Nc4 26.b3 Ne5 27.Rxa7 Rxc3 28.Re7 Rcc8
29.Rxe8+ Rxe8 30.Rd6 Rb8 31.Ne3 Kf8 32.f4 Ng6 33.g3 Ne7 34.Kf2 Ke8 35.Kf3 Nc8
36.Rd3 b5 37.h4 h5 38.Nd5 Rb7 39.f5 Ne7 40.f6 Nxd5 41.Rxd5 g6 42.Kf4 b4 43.Kg5 Rb6
44.Rd4 Re6 45.Rxb4 Re3 46.Kh6 Rxg3 47.Kg7 g5 48.Re4+ Kd7 49.Kxf7 gxh4 50.Rd4+ Kc7
51.Rxh4 Rxb3 52.Rxh5 Kd6 53.Rh1 Rd3 54.Re1 Kd7 55.Kf8 Rg3 56.f7 Rg2 57.Rd1+ Kc7
58.Rd4  1-0

[Event "6th ch-Asia"]
[Site "Cebu City PHI"]
[Date "2007.09.20"]
[Round "2"]
[White "Ni Hua"]
[Black "Senador,E"]
[Result "1/2-1/2"]
[WhiteElo "2681"]
[BlackElo "2380"]

1.e4 c5 2.Nf3 g6 3.d4 Bg7 4.c3 cxd4 5.cxd4 d5 6.e5 Bg4 7.Bb5+ Nc6 8.Bxc6+ bxc6
9.Nbd2 Bxf3 10.Nxf3 Qa5+ 11.Bd2 Qa6 12.Qe2 Qxe2+ 13.Kxe2 Rb8 14.Rhc1 Kd7
15.Rc2 e6 16.Ne1 Nh6 17.Nd3 Rhc8 18.Nc5+ Ke8 19.h3 Bf8 20.Na4 Nf5 21.Kd3 Bb4
22.Bc1 h5 23.g3 Be7 24.b3 f6 25.g4 Nh4 26.exf6 Bxf6 27.Be3 Nf3 28.Rac1 Kd7
29.Nc5+ Ke7 30.gxh5 gxh5 31.Re2 Rb5 32.h4 Kf7 33.Nd7 Bg7 34.Rec2 Rb7 35.Nc5 Re7
36.Na6 e5 37.Rxc6 Rxc6 38.Rxc6 exd4 39.Bf4 Ne1+ 40.Kd2 Nf3+ 41.Kd3 Ne1+ 42.Kd2 Nf3+
43.Kd3  1/2-1/2

[Event "6th ch-Asia"]
[Site "Cebu City PHI"]
[Date "2007.09.21"]
[Round "3"]
[White "Goh,B"]
[Black "Ni Hua"]
[Result "1/2-1/2"]
[WhiteElo "1971"]
[BlackElo "2681"]

1.e4 c5 2.Nf3 Nc6 3.Bb5 Nf6 4.Nc3 Qc7 5.O-O a6 6.Bxc6 dxc6 7.h3 e5 8.d3 h6
9.Nh4 Bd6 10.Qf3 Nd7 11.Nf5 Bf8 12.a4 a5 13.Qg3 g6 14.Ne3 Nb6 15.b3 Bd6 16.Ne2 Be6
17.Bd2 Nd7 18.f4 exf4 19.Nxf4 Bxf4 20.Qxf4 Qxf4 21.Rxf4 h5 22.Bc3 Rg8 23.Nc4 b6
24.Bf6 g5 25.Rff1 Rg6 26.Bc3 Bxc4 27.bxc4 Ke7 28.g3 Ke6 29.Rab1 f6 30.Rf5 Re8
31.Rff1 Rb8 32.Kg2 Rd8 33.Rf2 Re8 34.Rf5 Rd8 35.Kh2 Re8 36.Kg1 Rd8 37.Kf2 Re8
38.Ke3 Rd8 39.Kd2 Re8 40.Rf2 Re7 41.Rf5 Rh7 42.Rf2 Re7  1/2-1/2

[Event "6th ch-Asia"]
[Site "Cebu City PHI"]
[Date "2007.09.22"]
[Round "4"]
[White "Hussein,NA"]
[Black "Ni Hua"]
[Result "0-1"]
[WhiteElo "2341"]
[BlackElo "2681"]

1.e4 c5 2.Nf3 e6 3.Nc3 a6 4.d4 cxd4 5.Nxd4 b5 6.a3 Bb7 7.Be2 d6 8.f4 Nf6
9.Bf3 e5 10.Nf5 Nc6 11.O-O g6 12.fxe5 Nxe5 13.Ne3 Bg7 14.Ned5 Nxd5 15.Nxd5 O-O
16.Be2 Re8 17.c3 Nd7 18.Bf3 Nb6 19.Nxb6 Qxb6+ 20.Kh1 Re6 21.Bf4 Rae8 22.Qd2 Bxe4
23.Bxe4 Rxe4 24.Qd5 R4e6 25.Rad1 Be5 26.Bh6 Qd8 27.g3 Qa8 28.Kg2 f6 29.h4 Kf7
30.Rf3 Qxd5 31.Rxd5 Rc8 32.Be3 Re7 33.Bf2 Ke6 34.Rfd3 Rc4 35.Rd1 g5 36.hxg5 fxg5
37.R5d3 Re4 38.R1d2 h5 39.Bd4 Bxd4 40.Rxd4 Rxd4 41.Rxd4 d5 42.Rd1 Kd6 43.Kf3 h4
44.gxh4 gxh4 45.Rd4 Re4 46.Rxe4 dxe4+ 47.Kxe4 Kc5 48.b3 a5 49.Kf3 a4 50.bxa4 bxa4
51.Kg4 Kc4 52.Kxh4 Kxc3  0-1

[Event "6th ch-Asia"]
[Site "Cebu City PHI"]
[Date "2007.09.24"]
[Round "6"]
[White "Ni Hua"]
[Black "Deepan,C"]
[Result "1/2-1/2"]
[WhiteElo "2681"]
[BlackElo "2479"]

1.e4 e5 2.Nf3 Nc6 3.d4 exd4 4.Nxd4 Bc5 5.Be3 Qf6 6.c3 Nge7 7.Bc4 Ne5 8.Be2 d6
9.f4 Ng4 10.Bxg4 Qh4+ 11.Bf2 Qxg4 12.Qxg4 Bxg4 13.f5 Bxd4 14.cxd4 f6 15.Nc3 Bh5
16.Rg1 Bf7 17.d5 c6 18.Bg3 cxd5 19.Nb5 O-O 20.Bxd6 Rfe8 21.Kf2 dxe4 22.Bxe7 Rxe7
23.Ke3 a6 24.Nd4 Rd8 25.Rgd1 Red7 26.a3 g6 27.g4 h5 28.h3 gxf5 29.gxf5 Kh7
30.Rac1 h4 31.Rd2 Rg8 32.Ne2 Rxd2 33.Kxd2 Kh6 34.Ke3 Bh5 35.Nd4 Bf3 36.Rc7 Bg2
37.Rxb7 Bxh3 38.Rb6 Kg5 39.Rxa6 Bg4 40.Ra7 Kh6 41.Rf7 h3 42.Rxf6+ Kh7 43.Rf7+ Kh6
44.Rf6+ Kh7  1/2-1/2

[Event "6th ch-Asia"]
[Site "Cebu City PHI"]
[Date "2007.09.27"]
[Round "9"]
[White "Hossain,Enam"]
[Black "Ni Hua"]
[Result "0-1"]
[WhiteElo "2485"]
[BlackElo "2681"]

1.e4 c5 2.Nf3 e6 3.d4 cxd4 4.Nxd4 a6 5.Nc3 d6 6.Be2 b5 7.O-O Bb7 8.a3 Nf6
9.Bd3 Nbd7 10.Qe2 Be7 11.f4 Qc7 12.Kh1 h5 13.Nf3 h4 14.e5 dxe5 15.fxe5 Nh5
16.Be4 Bc5 17.Be3 Nxe5 18.Bxb7 Ng4 19.Ng5 Qxh2+  0-1

[Event "2nd MAIG Team Standard"]
[Site "Macau CHN"]
[Date "2007.10.28"]
[Round "1"]
[White "Ahmad,Az"]
[Black "Ni Hua"]
[Result "0-1"]
[WhiteElo "2350"]
[BlackElo "2641"]

1.e4 c5 2.Nf3 e6 3.d4 cxd4 4.Nxd4 a6 5.c4 Nf6 6.Nc3 Bb4 7.Bd3 Nc6 8.Nc2 Bxc3+
9.bxc3 d6 10.Ba3 O-O 11.f4 Qc7 12.O-O Rd8 13.Qf3 b5 14.cxb5 axb5 15.Bb2 Na5
16.Nd4 Nc4 17.Bc1 e5 18.Nf5 Bxf5 19.exf5 d5 20.Bxc4 e4 21.Qe2 dxc4 22.Be3 Qd7
23.a4 Rxa4 24.Rxa4 bxa4 25.Qxc4 Qd3 26.Qxd3 exd3 27.Bd4 Ne4 28.Rd1 a3 29.Kf1 a2
30.Ke1 d2+  0-1

[Event "2nd MAIG Team Standard"]
[Site "Macau CHN"]
[Date "2007.10.28"]
[Round "2"]
[White "Ni Hua"]
[Black "Moradiabadi,E"]
[Result "1-0"]
[WhiteElo "2641"]
[BlackElo "2521"]

1.e4 e5 2.Nf3 Nc6 3.d4 exd4 4.Nxd4 Bc5 5.Nxc6 Qf6 6.Qf3 bxc6 7.Nc3 Qxf3 8.gxf3 Rb8
9.Bc4 Ne7 10.Be3 Bxe3 11.fxe3 d6 12.Rg1 O-O 13.f4 Re8 14.Bb3 Kf8 15.O-O-O Be6
16.Rg5 c5 17.Ba4 Red8 18.f5 Bc4 19.Rdg1 g6 20.R5g4 Ba6 21.Rf4 Bc8 22.Bb3 Ke8
23.fxg6 fxg6 24.Rgf1 Ba6 25.R1f2 c6 26.Be6  1-0

[Event "2nd MAIG Team Standard"]
[Site "Macau CHN"]
[Date "2007.10.29"]
[Round "3"]
[White "Ismagambetov,An"]
[Black "Ni Hua"]
[Result "0-1"]
[WhiteElo "2479"]
[BlackElo "2641"]

1.e4 c5 2.Nf3 d6 3.d4 cxd4 4.Nxd4 Nf6 5.Nc3 a6 6.Be2 e5 7.Nb3 Be7 8.O-O O-O
9.a4 b6 10.Bf3 Nc6 11.Be3 Bb7 12.Nd5 Nxd5 13.exd5 Nb8 14.a5 b5 15.Be2 Bg5
16.c4 bxc4 17.Bxc4 Bxe3 18.fxe3 f5 19.Nc1 Nd7 20.Nd3 Qg5 21.Qe2 Nf6 22.Nb4 Ng4
23.Rf3 f4 24.exf4 exf4 25.Qe6+ Kh8 26.Qxd6 Ne5 27.Be2 Rad8 28.Qb6 Nxf3+ 29.Bxf3 Bc8
30.Nc6 Rde8 31.Nd4 Bg4 32.Rd1 Re3 33.Bxg4 Qxg4 34.Rf1 f3 35.Nxf3 Re2 36.Rf2 Rxf2
37.Kxf2 h6 38.h3 Qd7 39.Qxa6 Qxd5 40.Kg1 Ra8 41.Qe2 Qxa5 42.Qe4 Qc5+ 43.Kh2 Qc7+
44.Kg1 Qa7+ 45.Kh1 Qb8 46.Kg1 Ra1+ 47.Kf2 Qxb2+ 48.Kg3 Qb8+ 49.Kh4 Ra5 50.g4 Qd8+
51.Kg3 Qd6+ 52.Kh4 Qd8+ 53.Kg3 Ra3 54.Qf4 Rd3 55.Qe4 Qd5 56.Qe2 Qd8 57.Qe4 Rb3
58.Qc6 Rb6 59.Qe4 Qc7+ 60.Qf4 Qxf4+ 61.Kxf4 Kg8 62.Ne5 g6 63.h4 Rb4+ 64.Kf3 Kg7
65.Kg3 Kf6 66.Nf3 Ke6 67.Ng1 Ke5 68.Nh3 Rb3+ 69.Kg2 Rxh3  0-1

[Event "2nd MAIG Team Standard"]
[Site "Macau CHN"]
[Date "2007.10.29"]
[Round "4"]
[White "Ni Hua"]
[Black "Ganguly,S"]
[Result "1-0"]
[WhiteElo "2641"]
[BlackElo "2585"]

1.e4 c5 2.Nf3 Nc6 3.Bb5 e6 4.O-O Nge7 5.b3 Nd4 6.Nxd4 cxd4 7.c3 a6 8.Bd3 Nc6
9.cxd4 Nxd4 10.Bb2 Bc5 11.Qh5 d6 12.e5 Nf5 13.Bxf5 exf5 14.d4 Ba7 15.Rd1 dxe5
16.dxe5 Qb6 17.Qf3 O-O 18.Nc3 Be6 19.Nd5 Bxd5 20.Rxd5 Qg6 21.Rd7 b5 22.Re1 Qg4
23.e6 Qxf3 24.gxf3 Bb6 25.Ba3 Ba5 26.Bxf8 Bxe1 27.e7 Ba5 28.b4 Bb6 29.Rd6 Bc7
30.Rxa6 Re8 31.Rc6 Bf4 32.Rb6 f6 33.Rxb5 Kf7 34.Rd5 Bc7 35.a4 Ke6 36.Rd1 Bd6
37.a5 Bxb4 38.Rd8 Kf7 39.Rxe8 Kxe8 40.a6 Bc5 41.Bxg7  1-0

[Event "2nd MAIG Team Standard"]
[Site "Macau CHN"]
[Date "2007.10.30"]
[Round "5"]
[White "Le Quang Liem"]
[Black "Ni Hua"]
[Result "0-1"]
[WhiteElo "2534"]
[BlackElo "2641"]

1.d4 d5 2.c4 c6 3.Nf3 Nf6 4.e3 a6 5.Bd3 Bg4 6.Qb3 Bxf3 7.gxf3 Qc7 8.Nc3 e6
9.e4 dxc4 10.Bxc4 b5 11.Be2 c5 12.d5 c4 13.Qd1 Nbd7 14.f4 Bb4 15.O-O Rd8
16.a4 Bxc3 17.bxc3 Nc5 18.axb5 axb5 19.Qc2 Nfxe4 20.dxe6 O-O 21.Be3 fxe6
22.Rfd1 Qf7 23.Bf3 Qg6+ 24.Bg2 Nd3 25.Ra7 Nxc3 26.Rda1 b4 27.Rc7 Ra8 28.Ba7 Rxf4
29.Rf1 Re4 30.Kh1 Rxa7 31.Bxe4 Qxe4+ 32.f3 Qd4 33.Rc8+ Kf7 34.Qg2 Nd5 35.Qg3 N5f4
36.h4 b3 37.Qg5 Qf6 38.Rxc4 Qxg5 39.hxg5 b2 40.Kg1 Ra1 41.Rc7+ Kg6 42.Rb7 Ne2+
43.Kg2 Rxf1 44.Kxf1 Nc3  0-1

[Event "2nd MAIG Team Standard"]
[Site "Macau CHN"]
[Date "2007.10.30"]
[Round "6"]
[White "Ni Hua"]
[Black "Megaranto,S"]
[Result "1/2-1/2"]
[WhiteElo "2641"]
[BlackElo "2569"]

1.d4 d5 2.c4 c6 3.Nf3 Nf6 4.Qc2 dxc4 5.Qxc4 Bf5 6.g3 e6 7.Bg2 Nbd7 8.O-O Be7
9.Nc3 O-O 10.Re1 Ne4 11.Qb3 Qb6 12.Nh4 Bxh4 13.gxh4 Nef6 14.e4 Bg6 15.Qxb6 axb6
16.Bf4 b5 17.Bd6 Rfc8 18.f3 Ne8 19.Be7 Rc7 20.a4 bxa4 21.Nxa4 f5 22.Nc3 Rcc8
23.Bf1 Nef6 24.e5 Ne8 25.Ne2 Nc7 26.Nf4 Nb6 27.Bd6  1/2-1/2

[Event "50th It"]
[Site "Reggio Emilia ITA"]
[Date "2007.12.30"]
[Round "2"]
[White "Gashimov,V"]
[Black "Ni Hua"]
[Result "1/2-1/2"]
[WhiteElo "2664"]
[BlackElo "2641"]

1.e4 e5 2.Nf3 Nc6 3.Bb5 Nf6 4.d4 exd4 5.O-O Be7 6.Re1 a6 7.Bxc6 dxc6 8.Qxd4 Qxd4
9.Nxd4 Bd7 10.f3 O-O-O 11.Nc3 Bb4 12.Nde2 Bc5+ 13.Kf1 h6 14.Rd1 Be6 15.Bf4 Nd7
16.Nd4 Bc4+ 17.Kf2 f6 18.Be3 g6 19.Nce2 Bf7 20.Nc3 h5 21.Nde2 Bd6 22.h4 Ne5
23.b3 Ba3 24.Bc1 Rxd1 25.Nxd1 Be7 26.Ne3 Rd8 27.f4 Nd7 28.Kf3 Bc5 29.Bb2 Bxe3
30.Kxe3 Re8 31.Ng3 f5 32.Kd2 Nc5 33.exf5 gxf5 34.Nxf5 Ne4+ 35.Kc1 Bg6 36.Ne3 Ng3
37.Be5 Rd8 38.f5 Nxf5 39.Nxf5 Bxf5 40.Bf4 Bg4 41.Kb2 Rd1  1/2-1/2

[Event "50th It"]
[Site "Reggio Emilia ITA"]
[Date "2007.12.31"]
[Round "3"]
[White "Ni Hua"]
[Black "Harikrishna,P"]
[Result "1/2-1/2"]
[WhiteElo "2641"]
[BlackElo "2668"]

1.e4 e5 2.Nf3 Nc6 3.Bc4 Nf6 4.d3 Bc5 5.c3 O-O 6.O-O d5 7.exd5 Nxd5 8.Re1 Bg4
9.h3 Bh5 10.Nbd2 Nb6 11.Bb5 Bd6 12.Ne4 f5 13.Ng3 Bxf3 14.Qxf3 Qd7 15.Nf1 Rae8
16.Be3 Nc8 17.b4 N8e7 18.Nd2 a6 19.Bxc6 Nxc6 20.Nc4 Be7 21.Bc5 Bxc5 22.bxc5 e4
23.dxe4 fxe4 24.Qe3 Ne5 25.Nxe5 Rxe5 26.f4 exf3 27.Qxe5 f2+ 28.Kh2 fxe1=Q
29.Rxe1 h6 30.Qd4  1/2-1/2

[Event "50th It"]
[Site "Reggio Emilia ITA"]
[Date "2008.01.01"]
[Round "4"]
[White "Korchnoi,V"]
[Black "Ni Hua"]
[Result "1/2-1/2"]
[WhiteElo "2611"]
[BlackElo "2641"]

1.d4 d5 2.c4 c6 3.Nc3 Nf6 4.e3 a6 5.Qc2 e6 6.Nf3 c5 7.cxd5 exd5 8.Be2 Nc6
9.Ne5 Qc7 10.Nxc6 Qxc6 11.Bf3 cxd4 12.exd4 Bb4 13.O-O O-O 14.Qa4 Qd6 15.Bf4 Qxf4
16.Qxb4 Rd8 17.Rae1 Be6 18.Re5 a5 19.Qa4 Qd2 20.Re2 Qf4 21.Re5 Qd2 22.Rb1 Rac8
23.Qd1 Qxd1+ 24.Rxd1 Nd7 25.Re2 Nb6 26.h4 Kf8 27.g4 Rc4 28.Kg2 Rb4 29.Kg3 Rc8
30.h5 h6 31.Rd3 Rcc4 32.Red2 Rc8 33.a3 Rbc4 34.Re2 Rd8 35.Bg2 Na4 36.Na2 Rdc8
37.Rdd2 R4c6 38.f4 f6 39.Kh4 Bf7 40.g5 hxg5+ 41.fxg5 fxg5+ 42.Kxg5 Nb6 43.Rf2 Rh6
44.Bf3 Nd7 45.Rc2 Rc4 46.Rxc4 dxc4 47.Nc3 Nf6 48.Rh2 b6 49.Rh1 Ke7 50.a4 Kd7
51.Rh4 Nh7+ 52.Kg4 Nf6+ 53.Kg5 Nh7+  1/2-1/2

[Event "50th It"]
[Site "Reggio Emilia ITA"]
[Date "2008.01.06"]
[Round "9"]
[White "Ni Hua"]
[Black "Marin,Mi"]
[Result "1-0"]
[WhiteElo "2641"]
[BlackElo "2551"]

1.e4 e5 2.Nf3 Nc6 3.Bc4 Bc5 4.c3 Nf6 5.d4 exd4 6.e5 d5 7.Bb5 Ne4 8.cxd4 Bb6
9.Nc3 O-O 10.Be3 Bg4 11.Qc2 Bxf3 12.gxf3 Ng5 13.Bxc6 bxc6 14.O-O-O Nxf3 15.Qe2 Nh4
16.Rhg1 f6 17.Qh5 Ng6 18.Rg3 fxe5 19.Rh3 Qf6 20.Rg1 exd4 21.Qxh7+ Kf7 22.Rxg6 Qxg6
23.Rf3+ Qf6 24.Rxf6+ Kxf6 25.Qh4+ Ke5 26.Qe7+ Kf5 27.Qd7+ Kg6 28.Bxd4 Bxd4
29.Qg4+ Kh7 30.Qxd4 Rf6 31.Nd1 a6 32.Ne3 Re8 33.Ng4 Rfe6 34.Qd3+ Kh8 35.Qxa6 c5
36.Qd3 c4 37.Qh3+ Kg8 38.Ne3 c6 39.Qg4 Rf6 40.Qd7 Re4 41.Nf5 Rf7 42.Qd8+  1-0

[Event "6th Gibtelecom Masters"]
[Site "Gibraltar ENG"]
[Date "2008.01.26"]
[Round "5"]
[White "Ni Hua"]
[Black "Banikas,H"]
[Result "1/2-1/2"]
[WhiteElo "2680"]
[BlackElo "2592"]

1.e4 c5 2.Nf3 d6 3.d4 cxd4 4.Nxd4 Nf6 5.Nc3 g6 6.Be3 Bg7 7.f3 Nc6 8.Qd2 O-O
9.Bc4 Bd7 10.O-O-O Ne5 11.Bb3 Rc8 12.Kb1 Re8 13.h4 h5 14.Bh6 Qa5 15.g4 Nc4
16.Bxc4 Rxc4 17.Bxg7 Kxg7 18.Nb3 Qc7 19.e5 dxe5 20.g5 Bf5 21.gxf6+ exf6 22.Qe3 Rc8
23.Nd2 Rb4 24.Kc1 Ra4 25.Kb1 Rb4 26.Ka1 Bxc2 27.Nd5 Qa5 28.Nxb4 Bxd1 29.Rxd1 Qxb4
30.Ne4 Rc2 31.Rb1 f5 32.Ng5 Qd4 33.Qb3 Rc7 34.Qb5 Re7 35.Rh1  1/2-1/2